000 00378 a2200157 4500
001 68283
020 _a9780230026742
040 _cAnchieta - Pituba
100 _aLobo, María José
240 1 0 _aAround the world in eighty days
_leng
245 1 0 _aAround the world in eighty days
300 _a16
362 0 _a2008
650 4 _aLiteratura juvenil em inglês
942 _cBK
999 _c68283
_d68283